[Event "II Zimowy Turniej Klubu Polonia Wroclaw "]
[Site "Wroclaw"]
[Date "2011.??.??"]
[Round "8.3"]
[White "Czyz, Artur"]
[Black "Lachowicz, Dominik"]
[Result "0-1"]
[WhiteElo "2084"]
[BlackElo "1680"]
[PlyCount "100"]
[EventDate "2011.??.??"]

1. Nf3 d5 2. d4 Nf6 3. c4 e6 4. Nc3 c6 5. g3 Bb4 6. Bd2 O-O 7. cxd5 exd5 8. Bg2
Re8 9. O-O Nbd7 10. a3 Bd6 11. Qc2 Nb6 12. Rae1 Qc7 13. Nh4 Bd7 14. e4 dxe4 15.
Nxe4 Nbd5 16. Bg5 Nxe4 17. Bxe4 h6 18. Bd2 Bh3 19. Bg2 Bxg2 20. Kxg2 Rad8 21.
Nf3 Qb6 22. b4 Be7 23. Bc3 Bf6 24. Bb2 a5 25. bxa5 Qxa5 26. Ne5 Nc7 27. Kg1 Nb5
28. Qb3 Re7 29. Rd1 Rd5 30. f4 Qd8 31. Qc4 Bxe5 32. fxe5 Red7 33. a4 Nc7 34. a5
Rxa5 35. Bc3 Rad5 36. Ra1 Nb5 37. e6 fxe6 38. Bb2 Qg5 39. Rf4 Kh7 40. Raf1 Nd6
41. Qe2 Qg6 42. Rg4 Rg5 43. Rxg5 hxg5 44. Rf8 Rf7 45. Rd8 Qb1+ 46. Bc1 Qxc1+
47. Kg2 Rf6 48. Rxd6 Qb1 49. Qh5+ Rh6 50. Qe8 Qe4+ 0-1

[Event "II Zimowy Turniej Klubu Polonia Wroclaw "]
[Site "Wroclaw"]
[Date "2011.??.??"]
[Round "8.4"]
[White "Jagiela, Piotr"]
[Black "Lachowicz, Judyta"]
[Result "1-0"]
[WhiteElo "1797"]
[BlackElo "1744"]
[PlyCount "117"]
[EventDate "2011.??.??"]

1. d4 d5 2. g3 Nf6 3. Bg2 e6 4. Nf3 Nbd7 5. O-O b6 6. Nc3 Bb7 7. a4 c5 8. Re1
Be7 9. b3 O-O 10. e3 Rc8 11. Bb2 cxd4 12. Qxd4 Bc5 13. Qh4 Qe7 14. Nb5 e5 15.
Nxa7 Ra8 16. Nb5 Bc6 17. c4 Bxb5 18. axb5 Bb4 19. Red1 dxc4 20. Rxa8 Rxa8 21.
Nxe5 Nxe5 22. Bxa8 c3 23. Bc1 c2 24. Rf1 Qd8 25. Be4 Bd2 26. Bxh7+ Kf8 27. Ba3+
Ke8 28. Be4 Nxe4 29. Qxe4 f6 30. Qxc2 Qa8 31. Ra1 Qd5 32. e4 Qxb5 33. Bb2 Nf3+
34. Kg2 Ne1+ 35. Rxe1 Bxe1 36. Qc4 Qxc4 37. bxc4 Kd7 38. Bd4 Kc6 39. f4 Bb4 40.
Kf3 Bd6 41. Kg4 b5 42. cxb5+ Kxb5 43. Kf5 Kc4 44. e5 Bf8 45. Ba1 fxe5 46. Bxe5
Kd5 47. Kg6 Ke6 48. Bxg7 Bd6 49. h4 Ke7 50. h5 Bc5 51. h6 Bf2 52. g4 Bg3 53. f5
Bf4 54. f6+ Ke6 55. h7 Be5 56. g5 Bf4 57. h8=Q Bxg5 58. Qe8+ Kd6 59. Kxg5 1-0

[Event "II Zimowy Turniej Klubu Polonia Wroclaw "]
[Site "Wroclaw"]
[Date "2011.??.??"]
[Round "8.6"]
[White "Grochocinska, Urszula"]
[Black "Dudek, Dawid"]
[Result "1-0"]
[WhiteElo "1753"]
[BlackElo "1897"]
[PlyCount "69"]
[EventDate "2011.??.??"]

1. e4 c6 2. Ne2 d5 3. e5 c5 4. d4 Nc6 5. c3 e6 6. Ng3 cxd4 7. cxd4 Qb6 8. Ne2
Bb4+ 9. Nbc3 Qd8 10. a3 Ba5 11. b4 Bb6 12. Nb5 Bc7 13. Nxc7+ Qxc7 14. Nc3 a6
15. Qa4 Ra7 16. Be3 b5 17. Qc2 Nge7 18. Bd3 Ng6 19. Rc1 Bd7 20. h4 Qb8 21. h5
Ngxe5 22. dxe5 d4 23. Ne4 dxe3 24. Nd6+ Kf8 25. Qc5 exf2+ 26. Kxf2 Kg8 27. h6
Ne7 28. hxg7 Kxg7 29. Qe3 Ng6 30. Qh6+ Kg8 31. Rh5 Qb6+ 32. Ke2 Qd4 33. Ne4 f5
34. exf6 Qe5 35. Qg7# 1-0

[Event "II Zimowy Turniej Klubu Polonia Wroclaw "]
[Site "Wroclaw"]
[Date "2011.??.??"]
[Round "8.7"]
[White "Maczka, Miroslawa"]
[Black "Kania, Przemyslaw"]
[Result "1-0"]
[WhiteElo "1528"]
[BlackElo "1831"]
[PlyCount "61"]
[EventDate "2011.??.??"]

1. c4 e5 2. Nc3 Nf6 3. Nf3 d6 4. e3 g6 5. d4 Nbd7 6. Bd3 Bg7 7. dxe5 dxe5 8.
O-O O-O 9. Rb1 Re8 10. Ng5 Nh5 11. e4 h6 12. Nf3 c6 13. Be3 Nf8 14. Qd2 Kh7 15.
Qc2 Ne6 16. Ne2 Ng5 17. Nxg5+ hxg5 18. Rfd1 Nf4 19. c5 Qf6 20. Bc4 Nxg2 21. Ng3
Nh4 22. Be2 Bh3 23. Rd6 Be6 24. Kh1 Bf8 25. Rd3 Bxa2 26. Rg1 Nf3 27. Rg2 Be6
28. Bxf3 Qxf3 29. Bxg5 Bh3 30. Rxf3 Bxg2+ 31. Kxg2 1-0

[Event "II Zimowy Turniej Klubu Polonia Wroclaw "]
[Site "Wroclaw"]
[Date "2011.??.??"]
[Round "8.8"]
[White "Lascar, Radoslawa"]
[Black "Szyler, Bartosz"]
[Result "1-0"]
[WhiteElo "1528"]
[BlackElo "1569"]
[PlyCount "43"]
[EventDate "2011.??.??"]

1. e4 e5 2. Nf3 Nc6 3. Nc3 Nf6 4. d4 exd4 5. Nxd4 Bb4 6. Nxc6 bxc6 7. Bd3 d5 8.
e5 d4 9. a3 Bxc3+ 10. bxc3 Ng4 11. Bf4 Qd5 12. O-O O-O 13. cxd4 Qxd4 14. Bxh7+
Kxh7 15. Qxd4 g5 16. Bxg5 Kg6 17. h4 Nxe5 18. Qxe5 f6 19. h5+ Kxh5 20. Bxf6+
Kg6 21. Qg5+ Kf7 22. Qg7+ 1-0

[Event "II Zimowy Turniej Klubu Polonia Wroclaw"]
[Site "Wroclaw"]
[Date "????.??.??"]
[Round "9"]
[White "Stankiewicz, Pawel"]
[Black "Jagiela, Piotr"]
[Result "1-0"]
[WhiteElo "2005"]
[BlackElo "1797"]
[PlyCount "107"]

1. e4 c5 2. Nf3 a6 3. Nc3 e6 4. d4 cxd4 5. Nxd4 Nc6 6. Be3 Bb4 7. Qd2 Nf6 8. f3
Qa5 9. Nb3 Bxc3 10. Nxa5 Bxd2+ 11. Bxd2 Nxa5 12. Bxa5 d5 13. exd5 exd5 14.
O-O-O O-O 15. g4 Be6 16. h3 Nd7 17. f4 f5 18. Re1 Rfe8 19. Bg2 Nf6 20. Bc3 Ne4
21. gxf5 Bxf5 22. Be5 Rad8 23. Rhg1 Rd7 24. h4 Kf8 25. Bf3 Rf7 26. h5 Re6 27.
Rd1 Rd7 28. Rge1 Nf6 29. Bxf6 Rxf6 30. Rxd5 Rxd5 31. Bxd5 Bc8 32. Be4 h6 33.
Bg6 Bd7 34. Re4 Bc6 35. Rd4 Ke7 36. c4 Re6 37. Kd2 b6 38. b4 Rd6 39. Rxd6 Kxd6
40. Kd3 Bd7 41. Kd4 Bg4 42. c5+ bxc5+ 43. bxc5+ Kc6 44. Be8+ Kc7 45. Kd5 Kd8
46. Bg6 Kc7 47. f5 Be2 48. a3 Kd7 49. c6+ Ke7 50. Kc5 Kd8 51. Kd6 Bg4 52. Ke6
Bf3 53. Kf7 Bxc6 54. Kxg7 1-0

[Event "II Zimowy Turniej Klubu Polonia Wroclaw "]
[Site "Wroclaw"]
[Date "2011.??.??"]
[Round "9.3"]
[White "Lachowicz, Dominik"]
[Black "Somyk, Marcin"]
[Result "1/2-1/2"]
[WhiteElo "1680"]
[BlackElo "1895"]
[PlyCount "48"]
[EventDate "2011.??.??"]

1. d4 d5 2. c4 e6 3. Nc3 Nf6 4. Bg5 Be7 5. Nf3 O-O 6. cxd5 exd5 7. e3 c6 8. Bd3
Nbd7 9. O-O Re8 10. Qc2 Nf8 11. Rab1 Ng6 12. b4 Bd6 13. b5 h6 14. Bxg6 hxg5 15.
Bf5 g4 16. Bxc8 gxf3 17. Bh3 Ne4 18. gxf3 Qh4 19. fxe4 Qxh3 20. e5 Qg4+ 21. Kh1
Qf3+ 22. Kg1 Qg4+ 23. Kh1 Qf3+ 24. Kg1 Qg4+ 1/2-1/2

[Event "II Zimowy Turniej Klubu Polonia Wroclaw "]
[Site "Wroclaw"]
[Date "2011.??.??"]
[Round "9.4"]
[White "Grochocinska, Urszula"]
[Black "Czyz, Artur"]
[Result "0-1"]
[WhiteElo "1753"]
[BlackElo "2084"]
[PlyCount "56"]
[EventDate "2011.??.??"]

1. e4 d6 2. f4 g6 3. d4 Bg7 4. Nf3 c6 5. Nbd2 Nf6 6. Bd3 Nbd7 7. h3 O-O 8. g4
Qc7 9. Nb3 b5 10. Be3 Nb6 11. Qe2 a5 12. Qf2 Nc4 13. Bxc4 Nxe4 14. Bxf7+ Rxf7
15. Qg2 a4 16. Nbd2 Nxd2 17. Bxd2 c5 18. Ng5 Bb7 19. d5 Rf6 20. Bc3 e6 21. Bxf6
Bxd5 22. Qe2 Bxf6 23. O-O-O Bxa2 24. Nxe6 Qa5 25. f5 a3 26. c3 axb2+ 27. Qxb2
Bxc3 28. Qf2 Qa3+ 0-1

[Event "II Zimowy Turniej Klubu Polonia Wroclaw "]
[Site "Wroclaw"]
[Date "2011.??.??"]
[Round "9.5"]
[White "Maczka, Miroslawa"]
[Black "Lascar, Radoslawa"]
[Result "1-0"]
[WhiteElo "1528"]
[BlackElo "1528"]
[PlyCount "69"]
[EventDate "2011.??.??"]

1. c4 c6 2. Nc3 Nf6 3. e3 d5 4. d4 Bf5 5. Nf3 e6 6. Be2 dxc4 7. Bxc4 Nbd7 8.
O-O Qc7 9. Nh4 Bg6 10. f4 Nb6 11. Be2 O-O-O 12. Bd2 Kb8 13. Rc1 Qd7 14. a4 Bb4
15. Nxg6 hxg6 16. Qc2 Nbd5 17. e4 Nxc3 18. bxc3 Ba5 19. Be3 Rh7 20. Rb1 Ka8 21.
c4 Qc7 22. Bf3 Rdh8 23. h3 Nh5 24. e5 Ng3 25. Rf2 Nf5 26. Qb3 Rd8 27. Rfb2 b6
28. Rd1 Nxe3 29. Qxe3 Rhh8 30. d5 exd5 31. cxd5 cxd5 32. Bxd5+ Kb8 33. Rb5 Rhe8
34. Rdb1 Qc3 35. Rxb6+ 1-0

[Event "II Zimowy Turniej Klubu Polonia Wroclaw "]
[Site "Wroclaw"]
[Date "2011.??.??"]
[Round "9.6"]
[White "White, John"]
[Black "Koza, Stanislaw"]
[Result "1-0"]
[WhiteElo "1963"]
[BlackElo "1481"]
[PlyCount "63"]
[EventDate "2011.??.??"]

1. d4 d5 2. c4 e6 3. Nf3 Be7 4. g3 Nf6 5. Bg2 O-O 6. O-O b6 7. cxd5 exd5 8. Nc3
Bb7 9. Nh4 Re8 10. Nf5 Bf8 11. Qc2 g6 12. Nh6+ Kg7 13. Bg5 c6 14. Ng4 Be7 15.
Bh6+ Kg8 16. Ne5 Nbd7 17. f4 Nxe5 18. fxe5 Nh5 19. e4 dxe4 20. Qxe4 Bg5 21.
Bxg5 Qxg5 22. Qf3 Re7 23. Ne4 Qh6 24. Rad1 Rd8 25. Nd6 Rxd6 26. exd6 Rd7 27.
Rde1 Qf8 28. Re6 Ng7 29. Rf6 Nf5 30. Qf4 Nxd6 31. Bh3 Rd8 32. Be6 1-0

[Event "II Zimowy Turniej Klubu Polonia Wroclaw "]
[Site "Wroclaw"]
[Date "2011.??.??"]
[Round "9.7"]
[White "Lachowicz, Judyta"]
[Black "Skrzypinski, Maciej"]
[Result "0-1"]
[WhiteElo "1744"]
[BlackElo "1668"]
[PlyCount "92"]
[EventDate "2011.??.??"]

1. e4 d6 2. d4 Nf6 3. Nc3 g6 4. Nf3 Bg7 5. Bc4 O-O 6. h3 Nxe4 7. Nxe4 d5 8.
Bxd5 Qxd5 9. Nc3 Qd6 10. Be3 c6 11. Qd2 Nd7 12. O-O-O Nb6 13. Qe2 Be6 14. Nd2
Nd5 15. Nde4 Nxc3 16. Nxc3 Rfd8 17. h4 Qb4 18. Qd2 c5 19. Ne2 Qa4 20. a3 cxd4
21. Bxd4 Rac8 22. c3 Bb3 23. Qe3 Bxd1 24. Rxd1 e5 25. h5 exd4 26. Nxd4 Bxd4 27.
Qf3 Be3+ 28. fxe3 Rxd1+ 29. Qxd1 Qxd1+ 30. Kxd1 f5 31. hxg6 hxg6 32. Ke2 Kf7
33. Kf3 Rd8 34. g4 fxg4+ 35. Kxg4 Rd2 36. b4 Rd3 37. c4 Rxe3 38. c5 Kf6 39. b5
Rc3 40. b6 axb6 41. c6 Rxa3 42. Kh4 Ra4+ 43. Kg3 Kf5 44. Kh3 Ra3+ 45. Kh4 g5+
46. Kh5 Rh3# 0-1

[Event "II Zimowy Turniej Klubu Polonia Wroclaw "]
[Site "Wroclaw"]
[Date "2011.??.??"]
[Round "9.8"]
[White "Dudek, Dawid"]
[Black "Wrobel, Maciej"]
[Result "1/2-1/2"]
[WhiteElo "1897"]
[BlackElo "1895"]
[PlyCount "37"]
[EventDate "2011.??.??"]

1. c4 Nf6 2. Nc3 g6 3. g3 Bg7 4. Bg2 O-O 5. d3 Nc6 6. Nf3 d6 7. O-O e5 8. Ne1
Nh5 9. e4 Bd7 10. Be3 Qc8 11. Qd2 f5 12. exf5 gxf5 13. Qd1 Nf6 14. f4 Ng4 15.
Qd2 Re8 16. Kh1 Nxe3 17. Qxe3 Nd4 18. fxe5 dxe5 19. Rb1 1/2-1/2

[Event "II Zimowy Turniej Klubu Polonia Wroclaw "]
[Site "Wroclaw"]
[Date "2011.??.??"]
[Round "9.9"]
[White "Kania, Przemyslaw"]
[Black "Jankowski, Aleksander"]
[Result "1/2-1/2"]
[WhiteElo "1831"]
[BlackElo "1700"]
[PlyCount "46"]
[EventDate "2011.??.??"]

1. c4 Nf6 2. Nc3 g6 3. e4 d6 4. d4 Bg7 5. f3 O-O 6. Be3 Nbd7 7. Nge2 a6 8. Qd2
c5 9. d5 b5 10. cxb5 Qa5 11. Nc1 axb5 12. Bxb5 Ba6 13. a4 Nb6 14. O-O Bxb5 15.
Nxb5 Qxd2 16. Bxd2 Rxa4 17. Rxa4 Nxa4 18. b3 Nb6 19. Kf2 Rb8 20. Na3 Nfd7 21.
Ke2 Kf8 22. Rd1 Bb2 23. Nc2 Ke8 1/2-1/2